<?xml version="1.0" encoding="UTF-8"?><?xml-stylesheet type="text/xsl" href="static/style.xsl"?><OAI-PMH xmlns="http://www.openarchives.org/OAI/2.0/" xmlns:xsi="http://www.w3.org/2001/XMLSchema-instance" xsi:schemaLocation="http://www.openarchives.org/OAI/2.0/ http://www.openarchives.org/OAI/2.0/OAI-PMH.xsd"><responseDate>2026-04-13T16:51:42Z</responseDate><request verb="GetRecord" identifier="oai:www.recercat.cat:2445/128124" metadataPrefix="marc">https://recercat.cat/oai/request</request><GetRecord><record><header><identifier>oai:recercat.cat:2445/128124</identifier><datestamp>2025-12-04T22:55:48Z</datestamp><setSpec>com_2072_1057</setSpec><setSpec>col_2072_478782</setSpec><setSpec>col_2072_478816</setSpec><setSpec>col_2072_478917</setSpec></header><metadata><record xmlns="http://www.loc.gov/MARC21/slim" xmlns:dcterms="http://purl.org/dc/terms/" xmlns:xsi="http://www.w3.org/2001/XMLSchema-instance" xmlns:doc="http://www.lyncode.com/xoai" xsi:schemaLocation="http://www.loc.gov/MARC21/slim http://www.loc.gov/standards/marcxml/schema/MARC21slim.xsd">
   <leader>00925njm 22002777a 4500</leader>
   <datafield ind2=" " ind1=" " tag="042">
      <subfield code="a">dc</subfield>
   </datafield>
   <datafield ind2=" " ind1=" " tag="720">
      <subfield code="a">Cabezón Rodríguez, Itsaso</subfield>
      <subfield code="e">author</subfield>
   </datafield>
   <datafield ind2=" " ind1=" " tag="720">
      <subfield code="a">Augé Marí, Elisabet</subfield>
      <subfield code="e">author</subfield>
   </datafield>
   <datafield ind2=" " ind1=" " tag="720">
      <subfield code="a">Camins Espuny, Antoni</subfield>
      <subfield code="e">author</subfield>
   </datafield>
   <datafield ind2=" " ind1=" " tag="720">
      <subfield code="a">Vilaplana i Hortensi, Jordi</subfield>
      <subfield code="e">author</subfield>
   </datafield>
   <datafield ind2=" " ind1=" " tag="720">
      <subfield code="a">Pelegrí i Gabaldà, Carme</subfield>
      <subfield code="e">author</subfield>
   </datafield>
   <datafield ind2=" " ind1=" " tag="260">
      <subfield code="c">2019-02-11T10:04:26Z</subfield>
   </datafield>
   <datafield ind2=" " ind1=" " tag="260">
      <subfield code="c">2019-02-11T10:04:26Z</subfield>
   </datafield>
   <datafield ind2=" " ind1=" " tag="260">
      <subfield code="c">2018</subfield>
   </datafield>
   <datafield ind2=" " ind1=" " tag="520">
      <subfield code="a">Podeu consultar el llibre complet a: http://hdl.handle.net/2445/128014</subfield>
   </datafield>
   <datafield ind2=" " ind1=" " tag="520">
      <subfield code="a">Numerous strategies have been proposed to overcome the blood-brain barrier (BBB) and efficiently deliver therapeutic agents to the brain. One of these strategies consists of linking the pharmacologically active substance to a molecular vector that acts as a molecular Trojan Horse and is capable of crossing the BBB using a receptor-mediated transcellular transport system of the brain capillary endothelial cells (BCECs). The transferrin receptor (TfR) is related to a transcytosis process in these cells, and the 8D3 monoclonal antibody (mAb), directed against the mouse TfR, is able to induce a receptor response. Thus, the 8D3 antibody could be a potential molecular Trojan Horse to transport pharmacologically active substances across the BBB. On these bases, a series of experiments were performed where the 8D3 antibody was conjugated to different cargoes, the resulting constructs were administered in vivo to mice, and the distribution and intracellular mechanisms that these constructs undergo at the BBB were&#xd;
studied. Our results indicated a TfR-mediated and clathrin-dependent internalization&#xd;
process by which the 8D3-cargo constructs enters the BCEC. The resulting endocytic&#xd;
vesicles follow at least two different routes. On one hand, most vesicles enter intracellular&#xd;
processes of vesicular fusion and rearrangement in which the cargo is guided to late&#xd;
endosomes, multivesicular bodies or lysosomes. On the other hand, a small but not&#xd;
negligible percentage of the vesicles follow a different route in which they fuse with the&#xd;
abluminal membrane and open towards the basal lamina, indicating a potential route for&#xd;
the delivery of therapeutic substances. In this route, however, the 8D3−cargo remain fixed&#xd;
to the abluminal membrane, indicating that the 8D3 is maintained linked to the TfR, and&#xd;
the cargo does not go beyond the basal membrane. Altogether, different optimization&#xd;
approaches need to be developed for efficient drug delivery, but receptor-mediated&#xd;
transport (RMT) continues to be one of the most promising strategies to overcome the&#xd;
BBB.</subfield>
   </datafield>
   <datafield tag="653" ind2=" " ind1=" ">
      <subfield code="a">Fisiologia animal</subfield>
   </datafield>
   <datafield tag="653" ind2=" " ind1=" ">
      <subfield code="a">Barrera hematoencefàlica</subfield>
   </datafield>
   <datafield tag="653" ind2=" " ind1=" ">
      <subfield code="a">Animal physiology</subfield>
   </datafield>
   <datafield tag="653" ind2=" " ind1=" ">
      <subfield code="a">Blood-brain barrier</subfield>
   </datafield>
   <datafield ind2="0" ind1="0" tag="245">
      <subfield code="a">Study of the transport of substances across the blood-brain barrier with the 8D3 anti-transferrin receptor antibody</subfield>
   </datafield>
</record></metadata></record></GetRecord></OAI-PMH>